00379nam a2200097Ia 4500008004100000100001900041245012500060260005700185500002700242546001200269220512s9999 xx 000 0 eng d aSoman, Krishna 0aWomen, medicine and politics of gender:Institution of traditional midwives in Twentieth century Bengal /cSoman, Krishna aKolkata :bInstitute of Development Studies,cNov-11 aOccasional paper no 32 aEnglish